Grasping Africa (Record no. 221215)
[ view plain ]
| 000 -LEADER | |
|---|---|
| fixed length control field | 01324nam a2200313Ia 4500 |
| 082 04 - DEWEY DECIMAL CLASSIFICATION NUMBER | |
| Classification number | 960.32 |
| 100 1# - MAIN ENTRY--AUTHOR NAME | |
| Personal name | Chan, Stephen, |
| 245 10 - TITLE STATEMENT | |
| Title | Grasping Africa |
| 260 ## - PUBLICATION, DISTRIBUTION, ETC. (IMPRINT) | |
| Place of publication | London ; |
| -- | New York : |
| Name of publisher | I.B. Tauris ; |
| Place of publication | New York : |
| Name of publisher | Distributed in the United States by Palgrave Macmillan, |
| Year of publication | 2007. |
| 300 ## - PHYSICAL DESCRIPTION | |
| Number of Pages | xi, 185 p. |
| 856 40 - ELECTRONIC LOCATION AND ACCESS | |
| Uniform Resource Identifier | http://site.ebrary.com/lib/rucke/Doc?id=10194034 |
No items available.
